[Event "20th Amber Rapid"]
[Site "Monaco MNC"]
[Date "2011.03.12"]
[Round "1"]
[White "Carlsen, M."]
[Black "Nakamura, Hi"]
[Result "1-0"]
[WhiteElo "2815"]
[BlackElo "2774"]
[PlyCount "79"]
[EventDate "2011.03.12"]

1. d4 d5 2. c4 c6 3. Nc3 Nf6 4. e3 a6 5. Qc2 e6 6. Nf3 Nbd7 7. Bd2 dxc4 8. a4
c5 9. Bxc4 cxd4 10. exd4 Nb6 11. Bd3 Nbd5 12. Nxd5 Nxd5 13. O-O Nb4 14. Bxb4
Bxb4 15. Bxh7 g6 16. Bxg6 fxg6 17. Qxg6+ Kf8 18. Ne5 Qe7 19. Rac1 Qh7 20. Qg3
Ke8 21. d5 Bd6 22. Rfe1 Bd7 23. h3 Bxe5 24. Rxe5 Rg8 25. Qe3 Rg6 26. dxe6 Bc6
27. Rxc6 bxc6 28. Qe4 Qg7 29. Qxc6+ Ke7 30. Qc5+ Ke8 31. Qc6+ Ke7 32. Re3 Ra7
33. Qc5+ Ke8 34. Qc6+ Ke7 35. Qb6 Rxg2+ 36. Kf1 Rg1+ 37. Ke2 Ra8 38. Qb7+ Kd6
39. Rd3+ Kxe6 40. Qc6+ 1-0

[Event "20th Amber Rapid"]
[Site "Monaco MNC"]
[Date "2011.03.12"]
[Round "1"]
[White "Giri, A."]
[Black "Aronian, L."]
[Result "0-1"]
[WhiteElo "2690"]
[BlackElo "2808"]
[PlyCount "80"]
[EventDate "2011.03.12"]

1. d4 f5 2. g3 Nf6 3. Bg2 g6 4. Nf3 Bg7 5. O-O O-O 6. c4 d6 7. Nc3 Nc6 8. d5
Ne5 9. Nxe5 dxe5 10. c5 Kh8 11. Qb3 h6 12. Rd1 g5 13. Bd2 a6 14. Be1 Qe8 15. d6
exd6 16. cxd6 c6 17. Na4 e4 18. Nc5 f4 19. Bc3 e3 20. Bxf6 Rxf6 21. d7 exf2+
22. Kf1 Bxd7 23. Nxd7 Re6 24. Nb6 Re3 25. Qc4 Rb8 26. Rd7 fxg3 27. hxg3 Qh5 28.
Kxf2 Rbe8 29. Re1 Qh2 30. Qg4 R3e6 31. Rd3 h5 32. Qxg5 Rf6+ 33. Rf3 Rxf3+ 34.
Kxf3 Rf8+ 35. Ke3 Qxg2 36. Kd3 Qf2 37. Rh1 Qd4+ 38. Kc2 Qxb2+ 39. Kd1 Qb1+ 40.
Kd2 Qxh1 0-1

[Event "20th Amber Rapid"]
[Site "Monaco MNC"]
[Date "2011.03.12"]
[Round "1"]
[White "Gashimov, V."]
[Black "Ivanchuk, V."]
[Result "1-0"]
[WhiteElo "2746"]
[BlackElo "2779"]
[PlyCount "65"]
[EventDate "2011.03.12"]

1. e4 c5 2. Nf3 d6 3. d4 cxd4 4. Nxd4 Nf6 5. Nc3 a6 6. Be2 e6 7. a4 Nc6 8. Be3
Be7 9. O-O O-O 10. f4 Qc7 11. Kh1 Re8 12. Qd2 Bd7 13. Nb3 Na5 14. Nxa5 Qxa5 15.
Bd3 Qh5 16. Rf3 Qa5 17. Rg3 Rac8 18. Rf1 Kh8 19. Qf2 Bc6 20. e5 dxe5 21. Bb6
Qb4 22. fxe5 Nh5 23. Rh3 Qg4 24. Kg1 Nf4 25. Rg3 Nxd3 26. cxd3 Qb4 27. Na2 Qxa4
28. Qxf7 Bf8 29. d4 Be4 30. Nc3 Qc2 31. Nxe4 Qxe4 32. Bc5 Rxc5 33. Qxf8+ 1-0

[Event "20th Amber Rapid"]
[Site "Monaco MNC"]
[Date "2011.03.12"]
[Round "1"]
[White "Kramnik, V."]
[Black "Grischuk, A."]
[Result "0-1"]
[WhiteElo "2785"]
[BlackElo "2747"]
[PlyCount "66"]
[EventDate "2011.03.12"]

1. d4 Nf6 2. c4 g6 3. Nc3 Bg7 4. e4 d6 5. h3 O-O 6. Bg5 c5 7. d5 e6 8. Bd3 exd5
9. cxd5 Re8 10. Nf3 c4 11. Bc2 b5 12. a3 Nbd7 13. O-O a6 14. Qd2 Bb7 15. Rfe1
Rc8 16. Rad1 Qc7 17. Nd4 Nc5 18. Nc6 Bxc6 19. dxc6 Re6 20. Bh6 Bxh6 21. Qxh6
Qxc6 22. Ne2 Re5 23. Nd4 Qe8 24. Nf3 Re7 25. Rxd6 Nfxe4 26. Bxe4 Rxe4 27. Red1
Qf8 28. Qxf8+ Kxf8 29. Ng5 Re2 30. Rf6 Rc7 31. Rf3 Kg7 32. Rd5 Nd3 33. h4 h6
0-1

[Event "20th Amber Rapid"]
[Site "Monaco MNC"]
[Date "2011.03.12"]
[Round "1"]
[White "Topalov, V."]
[Black "Anand, V."]
[Result "1/2-1/2"]
[WhiteElo "2775"]
[BlackElo "2817"]
[PlyCount "71"]
[EventDate "2011.03.12"]

1. d4 Nf6 2. c4 e6 3. Nf3 d5 4. Nc3 Be7 5. Bg5 h6 6. Bh4 O-O 7. e3 Ne4 8. Bxe7
Qxe7 9. cxd5 Nxc3 10. bxc3 exd5 11. Bd3 c5 12. O-O Nc6 13. Re1 Rd8 14. e4 dxe4
15. Bxe4 Qf6 16. d5 Ne7 17. Ne5 Bf5 18. Bf3 Ng6 19. Nxg6 Bxg6 20. Qb3 b6 21.
Re3 Bf5 22. Rae1 Qd6 23. h3 Bd7 24. Bg4 Bxg4 25. hxg4 b5 26. Re5 Rab8 27. R1e3
c4 28. Qc2 b4 29. cxb4 Qxb4 30. g3 Qb1+ 31. Qxb1 Rxb1+ 32. Kg2 Rd1 33. Re8+
Rxe8 34. Rxe8+ Kh7 35. Rc8 Rxd5 36. Rxc4 1/2-1/2

[Event "20th Amber Rapid"]
[Site "Monaco MNC"]
[Date "2011.03.13"]
[Round "2"]
[White "Karjakin, Sergey"]
[Black "Topalov, V."]
[Result "1/2-1/2"]
[WhiteElo "2776"]
[BlackElo "2775"]
[PlyCount "52"]
[EventDate "2011.03.12"]

1. e4 c6 2. d4 d5 3. e5 Bf5 4. Nf3 e6 5. Be2 Nd7 6. O-O Ne7 7. Nbd2 Nc8 8. Ne1
c5 9. Bd3 Bg6 10. c3 Be7 11. Bxg6 hxg6 12. Nd3 c4 13. Nf4 b5 14. Qg4 Ncb6 15.
Nf3 Nf8 16. g3 Qd7 17. h4 Rg8 18. b3 O-O-O 19. Ng5 Qe8 20. bxc4 Nxc4 21. Nd3
Nd7 22. Qf3 Rf8 23. Nh7 Rh8 24. Ng5 Rf8 25. Nh7 Rh8 26. Ng5 Rf8 1/2-1/2

[Event "20th Amber Rapid"]
[Site "Monaco MNC"]
[Date "2011.03.13"]
[Round "2"]
[White "Anand, V."]
[Black "Kramnik, V."]
[Result "1/2-1/2"]
[WhiteElo "2817"]
[BlackElo "2785"]
[PlyCount "73"]
[EventDate "2011.03.12"]

1. d4 Nf6 2. Nf3 d5 3. c4 e6 4. e3 c5 5. Nc3 dxc4 6. Bxc4 a6 7. a4 Nc6 8. O-O
Be7 9. dxc5 Qxd1 10. Rxd1 Bxc5 11. Bd2 Bd7 12. Bd3 O-O 13. Ne4 Be7 14. Rac1
Rfd8 15. Nc5 Be8 16. Be2 Rd5 17. Nb3 Rad8 18. Be1 Rxd1 19. Rxd1 Rxd1 20. Bxd1
Nb4 21. Na5 Nd3 22. Bc3 Ne4 23. Nxb7 Ndxf2 24. Be2 Bxa4 25. Bd4 Bb5 26. Bxb5
axb5 27. Kf1 Nd3 28. Ke2 Nb4 29. Bb6 Bf6 30. Bd4 Be7 31. Bb6 Nd5 32. Ba5 Bf6
33. b3 Bb2 34. Nd2 Nxd2 35. Bxd2 Be5 36. h3 f5 37. Nd8 1/2-1/2

[Event "20th Amber Rapid"]
[Site "Monaco MNC"]
[Date "2011.03.13"]
[Round "2"]
[White "Grischuk, A."]
[Black "Gelfand, B."]
[Result "1/2-1/2"]
[WhiteElo "2747"]
[BlackElo "2733"]
[PlyCount "113"]
[EventDate "2011.03.12"]

1. d4 Nf6 2. c4 e6 3. Nf3 d5 4. Nc3 dxc4 5. e4 Bb4 6. Bg5 c5 7. Bxc4 cxd4 8.
Nxd4 Qa5 9. Bd2 Qc5 10. Bb5+ Bd7 11. Nb3 Qe7 12. Bd3 Nc6 13. O-O O-O 14. a3 Bd6
15. Kh1 Ne5 16. Bg5 h6 17. Bxf6 gxf6 18. f4 Ng6 19. Qd2 Rfd8 20. Qe3 Bc6 21.
Bb5 Bxb5 22. Nxb5 Bb8 23. Rf3 a6 24. Nc3 Ba7 25. Qe2 f5 26. Raf1 Rac8 27. Rh3
Bb8 28. e5 b5 29. Rxh6 b4 30. axb4 Qxb4 31. Qh5 Qxb3 32. h4 Qc4 33. Rf3 Bxe5
34. fxe5 Qg4 35. Qxg4 fxg4 36. Re3 Rc5 37. Ne4 Rxe5 38. Rxg6+ fxg6 39. Nf6+ Kf7
40. Rxe5 g3 41. Re1 Kxf6 42. Kg1 Rd2 43. b3 Rb2 44. Kf1 Rxb3 45. Ra1 Rb6 46.
Ke2 Kf5 47. Kf3 e5 48. Kxg3 Ke4 49. Kf2 Kd3 50. Ra3+ Kc4 51. Ke3 Re6 52. Ra1 e4
53. g4 Kb4 54. Rb1+ Kc5 55. Rc1+ Kd5 56. Rd1+ Ke5 57. Rd4 1/2-1/2

[Event "20th Amber Rapid"]
[Site "Monaco MNC"]
[Date "2011.03.13"]
[Round "2"]
[White "Gashimov, V."]
[Black "Carlsen, M."]
[Result "0-1"]
[WhiteElo "2746"]
[BlackElo "2815"]
[PlyCount "98"]
[EventDate "2011.03.12"]

1. e4 e6 2. d4 d5 3. Nc3 Nf6 4. Bg5 dxe4 5. Nxe4 Be7 6. Bxf6 gxf6 7. Nf3 f5 8.
Ng3 c5 9. Bb5+ Bd7 10. Bxd7+ Qxd7 11. d5 exd5 12. Ne5 Qe6 13. f4 Nd7 14. O-O
O-O-O 15. Qh5 Nxe5 16. fxe5 Qxe5 17. Rae1 Qd4+ 18. Kh1 Qh4 19. Rxf5 Qxh5 20.
Nxh5 Rd7 21. Rxf7 Bd8 22. Rf5 b6 23. Nf4 d4 24. b3 Bc7 25. Nd3 Rg8 26. g3 Rg6
27. Kg2 Rc6 28. Re2 c4 29. bxc4 Rxc4 30. Rh5 Ra4 31. Nc1 Kb7 32. Rd2 a6 33. Rh4
Bd8 34. Rh5 b5 35. Nb3 Bb6 36. c3 d3 37. Nc1 Ba5 38. Rxd3 Rxd3 39. Nxd3 Rxa2+
40. Kf3 Bxc3 41. Rxh7+ Kc6 42. g4 b4 43. g5 b3 44. g6 Rd2 45. Ke3 Rg2 46. Rh6
Bd2+ 47. Kf3 Bxh6 48. Kxg2 a5 49. Nb2 Kb5 0-1

[Event "20th Amber Rapid"]
[Site "Monaco MNC"]
[Date "2011.03.13"]
[Round "2"]
[White "Ivanchuk, V."]
[Black "Giri, A."]
[Result "1/2-1/2"]
[WhiteElo "2779"]
[BlackElo "2690"]
[PlyCount "75"]
[EventDate "2011.03.12"]

1. c4 c6 2. e4 d5 3. exd5 cxd5 4. d4 Nf6 5. Nc3 Nc6 6. Nf3 Bg4 7. cxd5 Nxd5 8.
Qb3 Bxf3 9. gxf3 e6 10. Qxb7 Nxd4 11. Bb5+ Nxb5 12. Qc6+ Ke7 13. Qxb5 Qd7 14.
Nxd5+ Qxd5 15. Bg5+ f6 16. Qxd5 exd5 17. Be3 Ke6 18. O-O-O Bb4 19. Kb1 Rhc8 20.
a3 Bc5 21. Rhe1 Bxe3 22. Rxe3+ Kd6 23. Rde1 Rc4 24. h3 Rd8 25. Re6+ Kc7 26. Rc1
Rd6 27. Re8 Rxc1+ 28. Kxc1 Rc6+ 29. Kd2 Kd6 30. Ra8 Rc7 31. Ke3 Ke5 32. f4+ Kf5
33. Rd8 Re7+ 34. Kf3 Ke6 35. Ke3 Kf5+ 36. Kf3 Ke6 37. Ke3 Kf5+ 38. Kf3 1/2-1/2

[Event "20th Amber Rapid"]
[Site "Monaco MNC"]
[Date "2011.03.13"]
[Round "2"]
[White "Aronian, L."]
[Black "Nakamura, Hi"]
[Result "1/2-1/2"]
[WhiteElo "2808"]
[BlackElo "2774"]
[PlyCount "106"]
[EventDate "2011.03.12"]

1. d4 Nf6 2. c4 g6 3. Nc3 Bg7 4. e4 d6 5. Bd3 O-O 6. Nge2 Nc6 7. O-O e5 8. d5
Nd4 9. Nxd4 exd4 10. Nb5 Re8 11. Re1 Ng4 12. h3 a6 13. hxg4 axb5 14. cxb5 Qh4
15. g3 Qxg4 16. Qxg4 Bxg4 17. Bf4 Bf3 18. b6 g5 19. Bxg5 Re5 20. Bh4 cxb6 21.
Rac1 Rae8 22. Bb5 Rf8 23. Bd3 Bh6 24. Rc4 f5 25. Rxd4 fxe4 26. Rexe4 Bxe4 27.
Bxe4 Bc1 28. Rc4 Bxb2 29. f3 Ba3 30. Rc7 Rf7 31. Rc8+ Kg7 32. g4 Rxe4 33. fxe4
Rf4 34. Rc7+ Kg6 35. Kg2 Rxg4+ 36. Bg3 Rxe4 37. Rxb7 Rb4 38. Kf3 Rb5 39. Bf2
Rxd5 40. Rxb6 Kf5 41. Rb3 Ra5 42. Be1 Ra4 43. Bf2 Bc5 44. Bxc5 dxc5 45. Rb5 Rc4
46. a4 Rc3+ 47. Ke2 Ke4 48. a5 c4 49. Rh5 Rc2+ 50. Kd1 Ra2 51. Rxh7 Rxa5 52.
Kc2 c3 53. Rh4+ Kf3 1/2-1/2

[Event "20th Amber Rapid"]
[Site "Monaco MNC"]
[Date "2011.03.14"]
[Round "3"]
[White "Carlsen, M."]
[Black "Aronian, L."]
[Result "1/2-1/2"]
[WhiteElo "2815"]
[BlackElo "2808"]
[PlyCount "87"]
[EventDate "2011.03.12"]

1. c4 g6 2. d4 Nf6 3. Nf3 Bg7 4. g3 O-O 5. Bg2 c6 6. O-O d5 7. Qa4 a6 8. Bf4
Be6 9. cxd5 cxd5 10. Qb3 Ra7 11. Ne5 Ne4 12. Rd1 Nd7 13. Nc3 Nxc3 14. Qxc3 Ra8
15. Qb3 a5 16. Bxd5 a4 17. Qxb7 Rb8 18. Nxf7 Rxb7 19. Nxd8 Bxd5 20. Nxb7 Bxb7
21. Rac1 Bd5 22. Rc7 Rd8 23. a3 Kf7 24. Rd2 Nf6 25. f3 Bb3 26. Be5 Ne8 27. Rc5
Bxe5 28. Rxe5 Nd6 29. Rc5 Nc4 30. Rd3 Nxb2 31. Re3 Rxd4 32. Rc7 Be6 33. Ra7 g5
34. Rc3 Rc4 35. Re3 Rc2 36. Re4 Rc3 37. h4 h6 38. hxg5 hxg5 39. Ra6 Ba2 40. Ra7
Be6 41. Ra6 Bc4 42. Rc6 Rxa3 43. Rcxc4 Nxc4 44. Rxc4 1/2-1/2

[Event "20th Amber Rapid"]
[Site "Monaco MNC"]
[Date "2011.03.14"]
[Round "3"]
[White "Nakamura, Hi"]
[Black "Ivanchuk, V."]
[Result "1/2-1/2"]
[WhiteElo "2774"]
[BlackElo "2779"]
[PlyCount "124"]
[EventDate "2011.03.12"]

1. e4 e6 2. d4 d5 3. Nd2 c5 4. exd5 exd5 5. Ngf3 a6 6. Bd3 c4 7. Be2 Bd6 8. c3
Ne7 9. b3 b5 10. a4 Bb7 11. O-O O-O 12. Bb2 Nbc6 13. Re1 Qc7 14. Bf1 Rae8 15.
g3 Bc8 16. Bg2 Bf5 17. axb5 axb5 18. bxc4 bxc4 19. Nf1 Ra8 20. Ne3 Bd3 21. Bf1
Bxf1 22. Nxf1 Rxa1 23. Qxa1 Qb7 24. Re2 Ra8 25. Qc1 h6 26. Ne3 Ra2 27. Kf1 Qb3
28. Nd1 Qa4 29. Qb1 Na5 30. Ne1 Qb3 31. Nc2 Nac6 32. Na1 Qa4 33. Ne3 Nd8 34.
Nac2 Qb3 35. Na1 Qa4 36. Nac2 Ne6 37. f4 h5 38. Bc1 Qb3 39. Qxb3 cxb3 40. Ne1
Nc7 41. Bb2 Nb5 42. Nd3 Ba3 43. Nd1 Nc6 44. Nc1 Bxb2 45. Nxb3 g6 46. Rc2 Kg7
47. Rxb2 Rxb2 48. Nxb2 Nxc3 49. Kf2 Kf6 50. Nd3 Kf5 51. Kf3 Nb5 52. Ke3 Nd6 53.
h3 f6 54. Kf3 Nb5 55. g4+ hxg4+ 56. hxg4+ Ke6 57. Ke3 Nd6 58. Ndc5+ Ke7 59. Na4
Ne4 60. Nac5 Nd6 61. Na4 Ne4 62. Nac5 Nd6 1/2-1/2

[Event "20th Amber Rapid"]
[Site "Monaco MNC"]
[Date "2011.03.14"]
[Round "3"]
[White "Giri, A."]
[Black "Gashimov, V."]
[Result "1/2-1/2"]
[WhiteElo "2690"]
[BlackElo "2746"]
[PlyCount "106"]
[EventDate "2011.03.12"]

1. Nf3 g6 2. c4 Bg7 3. d4 c5 4. d5 d6 5. e4 e6 6. h3 exd5 7. cxd5 Nf6 8. Bd3
O-O 9. Nbd2 Re8 10. O-O Nbd7 11. Re1 a6 12. a4 Rb8 13. a5 b5 14. axb6 Nxb6 15.
Ra2 Ra8 16. b3 Nfd7 17. Bb2 Bxb2 18. Rxb2 Qf6 19. Ra2 Ne5 20. Nxe5 Qxe5 21. Nf3
Qc3 22. Re3 Qf6 23. Bf1 Bd7 24. Ra5 Bb5 25. Qc1 Nd7 26. Bc4 Rab8 27. Qf1 Ne5
28. Nxe5 Qxe5 29. Bxb5 axb5 30. Rxb5 Ra8 31. g3 Ra1 32. Re1 Rea8 33. Kg2 Qc3
34. Rb8+ Rxb8 35. Rxa1 Rxb3 36. Ra8+ Kg7 37. Qa1 Qxa1 38. Rxa1 f5 39. Ra6 fxe4
40. Rxd6 Rd3 41. Kf1 Kf7 42. Ke2 Ke7 43. Rc6 Rxd5 44. Rc7+ Kd6 45. Rxh7 c4 46.
Rh6 c3 47. Rxg6+ Kc5 48. Rg8 Rd3 49. h4 Kd4 50. Rd8+ Kc4 51. Rc8+ Kd4 52. Rd8+
Kc4 53. Rc8+ Kd4 1/2-1/2

[Event "20th Amber Rapid"]
[Site "Monaco MNC"]
[Date "2011.03.14"]
[Round "3"]
[White "Karjakin, Sergey"]
[Black "Grischuk, A."]
[Result "1-0"]
[WhiteElo "2776"]
[BlackElo "2747"]
[PlyCount "107"]
[EventDate "2011.03.12"]

1. e4 c5 2. Nf3 d6 3. d4 cxd4 4. Nxd4 Nf6 5. Nc3 a6 6. Be3 Ng4 7. Bg5 h6 8. Bh4
g5 9. Bg3 Bg7 10. h3 Ne5 11. f3 Nbc6 12. Bf2 Ng6 13. Nd5 Rb8 14. Qd2 e6 15. Nc3
Be5 16. O-O-O Qf6 17. Nde2 b5 18. h4 g4 19. Ng1 Bd7 20. h5 Nge7 21. Bh4 Qf4 22.
Qxf4 Bxf4+ 23. Kb1 gxf3 24. Nxf3 f5 25. Ne2 Be3 26. Bxe7 Nxe7 27. exf5 Nxf5 28.
g4 Ne7 29. Rxd6 Bc6 30. Bg2 Rf8 31. Nh4 Bxg2 32. Nxg2 Bg5 33. Nd4 Rf2 34. Ne1
e5 35. Nd3 Rf6 36. Ne6 e4 37. Ndc5 e3 38. Ne4 Rf3 39. N6xg5 hxg5 40. Nxg5 Rf4
41. Re6 Rxg4 42. Nf3 Rg3 43. Rxe3 Kf8 44. Rf1 Nf5 45. Re5 Nd6 46. Re6 Nc4 47.
Ne5+ Kg7 48. Nxc4 bxc4 49. Rxa6 c3 50. b3 Rf8 51. Rc1 Kh7 52. a4 Rf5 53. h6
Rgf3 54. Rc6 1-0

[Event "20th Amber Rapid"]
[Site "Monaco MNC"]
[Date "2011.03.14"]
[Round "3"]
[White "Gelfand, B."]
[Black "Anand, V."]
[Result "0-1"]
[WhiteElo "2733"]
[BlackElo "2817"]
[PlyCount "106"]
[EventDate "2011.03.12"]

1. d4 Nf6 2. c4 e6 3. Nc3 Bb4 4. e3 c5 5. Nge2 b6 6. a3 Ba5 7. Rb1 Na6 8. g3
Bb7 9. d5 b5 10. Bg2 bxc4 11. O-O O-O 12. e4 d6 13. Bg5 exd5 14. Nf4 Nc7 15.
Nh5 Nce8 16. exd5 h6 17. Nxf6+ Nxf6 18. Bxf6 Qxf6 19. Qa4 Bxc3 20. bxc3 Bc8 21.
Qxc4 Bf5 22. Rbe1 Rab8 23. Re3 Bd7 24. Rfe1 Rb2 25. Rf3 Qg5 26. Rfe3 Qf5 27.
Rf3 Rb1 28. Rfe3 Rfb8 29. Be4 Rxe1+ 30. Rxe1 Qf6 31. Rb1 Re8 32. h4 g5 33. hxg5
hxg5 34. Qd3 Qe5 35. Rb7 Bg4 36. Bg6 Re7 37. Rxe7 Qxe7 38. Be4 Qe5 39. Qe3 Kg7
40. f4 Qe7 41. Kf2 Qf6 42. Kg1 gxf4 43. gxf4 Bf5 44. Bg2 c4 45. Kf2 Bd3 46.
Qg3+ Kf8 47. Qg5 Qxc3 48. Qd8+ Kg7 49. Qxd6 Qd4+ 50. Kg3 c3 51. Qe7 c2 52. Qg5+
Bg6 53. f5 Qc3+ 0-1

[Event "20th Amber Rapid"]
[Site "Monaco MNC"]
[Date "2011.03.14"]
[Round "3"]
[White "Topalov, V."]
[Black "Kramnik, V."]
[Result "1-0"]
[WhiteElo "2775"]
[BlackElo "2785"]
[PlyCount "119"]
[EventDate "2011.03.12"]

1. d4 Nf6 2. c4 e6 3. Nf3 d5 4. Nc3 Bb4 5. cxd5 exd5 6. Bg5 Nbd7 7. Qc2 c5 8.
g3 h6 9. Bxf6 Nxf6 10. Bg2 O-O 11. O-O Qe7 12. dxc5 Bxc5 13. Rad1 Rd8 14. Nd4
Bg4 15. h3 Be6 16. Qb3 Rac8 17. e3 Bb6 18. a3 Ba5 19. Nce2 Bb6 20. Nf4 Rd6 21.
Qd3 Rcd8 22. Rfe1 Bd7 23. Nf5 Bxf5 24. Qxf5 g6 25. Qc2 Qe5 26. Rd3 d4 27. e4 g5
28. Ne2 Nxe4 29. Nc1 Qc5 30. Qd1 Nf6 31. Bxb7 Qb5 32. Re2 Re8 33. Rxe8+ Qxe8
34. Rd2 d3 35. Nxd3 Kg7 36. Bg2 Ne4 37. Bxe4 Qxe4 38. Ne1 Qf5 39. Qf3 Rf6 40.
Qxf5 Rxf5 41. Kg2 h5 42. Nf3 Kg6 43. b4 Rb5 44. Rd6+ Kg7 45. Nd4 Re5 46. a4 Re4
47. Nf5+ Kh7 48. a5 Bc7 49. Rd7 Be5 50. b5 Rb4 51. Rb7 Rb2 52. a6 g4 53. hxg4
hxg4 54. Rxa7 Rxb5 55. Rb7 Ra5 56. a7 Ra2 57. Rd7 Bf6 58. Ne3 Kg6 59. Nd5 Bd4
60. Nf4+ 1-0

[Event "20th Amber Rapid"]
[Site "Monaco MNC"]
[Date "2011.03.15"]
[Round "4"]
[White "Kramnik, V."]
[Black "Karjakin, Sergey"]
[Result "1/2-1/2"]
[WhiteElo "2785"]
[BlackElo "2776"]
[PlyCount "117"]
[EventDate "2011.03.12"]

1. c4 Nf6 2. Nc3 e5 3. Nf3 Nc6 4. g3 d5 5. cxd5 Nxd5 6. Bg2 Nb6 7. O-O Be7 8.
a3 O-O 9. b4 Be6 10. d3 a5 11. b5 Nd4 12. Bb2 f6 13. Nxd4 exd4 14. Nb1 Bd5 15.
Nd2 Bxg2 16. Kxg2 Qd5+ 17. Nf3 Qxb5 18. Bxd4 a4 19. Qb1 Qd5 20. Bxb6 cxb6 21.
Qxb6 Rfc8 22. Rfb1 Rc3 23. Qxb7 Qxb7 24. Rxb7 Bxa3 25. Nd4 Bf8 26. Ra2 Ra6 27.
f4 Bc5 28. Nb5 Rc1 29. Nc7 Rg1+ 30. Kh3 Rc6 31. f5 a3 32. Ne6 Bd6 33. Rxg7+ Kh8
34. Rd7 Kg8 35. Rg7+ Kh8 36. Ra7 Rc8 37. Rc2 Rg8 38. Nf4 Rb1 39. Rc4 Rgb8 40.
Nh5 Bf8 41. Nxf6 R1b7 42. Rca4 Bc5 43. R7a6 Kg7 44. Ne4 Bb4 45. Nd6 Rb6 46.
Rxb6 Rxb6 47. Nc4 Rb5 48. e4 Bf8 49. e5 Rd5 50. Ra7+ Kh6 51. f6 Kg6 52. Ra8 Bb4
53. Rg8+ Kf7 54. Rg7+ Ke6 55. Ra7 Rxd3 56. Ra6+ Kf7 57. Ra4 Bc5 58. Kg4 Kg6 59.
Nxa3 1/2-1/2

[Event "20th Amber Rapid"]
[Site "Monaco MNC"]
[Date "2011.03.15"]
[Round "4"]
[White "Topalov, V."]
[Black "Gelfand, B."]
[Result "1-0"]
[WhiteElo "2775"]
[BlackElo "2733"]
[PlyCount "65"]
[EventDate "2011.03.12"]

1. d4 d5 2. c4 c6 3. Nc3 Nf6 4. Nf3 e6 5. Bg5 h6 6. Bh4 dxc4 7. e4 g5 8. Bg3 b5
9. Be2 Bb7 10. O-O Nbd7 11. Ne5 Bg7 12. Nxd7 Nxd7 13. Bd6 a6 14. a4 b4 15. Nb1
Nf6 16. e5 Ne4 17. Bxb4 c5 18. Ba3 cxd4 19. Bf3 Bf8 20. Re1 Bxa3 21. Nxa3 Nc5
22. Nxc4 O-O 23. b4 Bxf3 24. Qxf3 Nd7 25. h4 Rc8 26. Qd3 Qc7 27. Rac1 Nb6 28.
Nd6 Qxc1 29. Rxc1 Rxc1+ 30. Kh2 Rc3 31. Qxd4 Nd5 32. hxg5 hxg5 33. Qg4 1-0

[Event "20th Amber Rapid"]
[Site "Monaco MNC"]
[Date "2011.03.15"]
[Round "4"]
[White "Anand, V."]
[Black "Grischuk, A."]
[Result "1-0"]
[WhiteElo "2817"]
[BlackElo "2747"]
[PlyCount "83"]
[EventDate "2011.03.12"]

1. e4 c5 2. Nf3 d6 3. d4 cxd4 4. Nxd4 Nf6 5. Nc3 a6 6. f3 Qb6 7. g4 Nc6 8. Nb3
e6 9. Qe2 Qc7 10. Be3 b5 11. O-O-O Nd7 12. Qf2 Rb8 13. Kb1 Nce5 14. Rg1 Be7 15.
f4 Nc4 16. Ba7 Ra8 17. Bd4 b4 18. Bxc4 Qxc4 19. Nd2 Qc6 20. Ne2 e5 21. Be3 a5
22. Ng3 g6 23. Nf3 a4 24. fxe5 dxe5 25. Rd5 b3 26. cxb3 axb3 27. a3 O-O 28. Rc1
Qa6 29. Qd2 Nf6 30. Rxe5 Rd8 31. Bd4 Be6 32. Nf5 Bf8 33. h3 Bc4 34. Ne7+ Bxe7
35. Rxe7 Bd3+ 36. Ka1 Bc2 37. Qf4 Rdc8 38. Rc7 Rxc7 39. Qxc7 Nxe4 40. Re1 Re8
41. Ng5 Rf8 42. Nxe4 1-0

[Event "20th Amber Rapid"]
[Site "Monaco MNC"]
[Date "2011.03.15"]
[Round "4"]
[White "Giri, A."]
[Black "Carlsen, M."]
[Result "0-1"]
[WhiteElo "2690"]
[BlackElo "2815"]
[PlyCount "140"]
[EventDate "2011.03.12"]

1. d4 e6 2. c4 Bb4+ 3. Bd2 Bxd2+ 4. Qxd2 f5 5. g3 Nf6 6. Bg2 O-O 7. Nf3 d6 8.
O-O Qe7 9. Nc3 c6 10. Rfe1 d5 11. e3 Nbd7 12. b3 b6 13. Ne2 Bb7 14. Nf4 dxc4
15. bxc4 c5 16. Ng5 Bxg2 17. Kxg2 e5 18. Nfe6 Ne4 19. Nxe4 Qxe6 20. Ng5 Qxc4
21. dxc5 Nxc5 22. Rec1 Qd3 23. Qxd3 Nxd3 24. Rc7 h6 25. Nf3 Rf7 26. Rc3 Rd7 27.
a4 Rad8 28. Rb1 Rd5 29. Rc7 R8d7 30. Rxd7 Rxd7 31. Rb5 Rd6 32. a5 e4 33. Nd4 g6
34. Rb1 Kf7 35. h3 Ke7 36. Nb5 Rd5 37. axb6 axb6 38. Nd4 Rd6 39. Nb5 Rf6 40. f3
exf3+ 41. Kxf3 Ne5+ 42. Ke2 Nd7 43. Nd4 Rd6 44. g4 fxg4 45. hxg4 Ne5 46. Nb5
Rf6 47. Rb4 Rf2+ 48. Kxf2 Nd3+ 49. Kf3 Nxb4 50. Kf4 Kf6 51. Nc3 Nd3+ 52. Ke4
Nc5+ 53. Kf4 g5+ 54. Kf3 Ke5 55. Nb5 Ne4 56. Na7 Nd2+ 57. Ke2 Nc4 58. Nc6+ Ke4
59. Ne7 Nxe3 60. Nc8 Nxg4 61. Nxb6 Ne5 62. Kf2 h5 63. Kg3 h4+ 64. Kh3 Kf3 65.
Nc8 Nd3 66. Nd6 Nf4+ 67. Kh2 g4 68. Nf5 g3+ 69. Kh1 g2+ 70. Kh2 Kf2 0-1

[Event "20th Amber Rapid"]
[Site "Monaco MNC"]
[Date "2011.03.15"]
[Round "4"]
[White "Gashimov, V."]
[Black "Nakamura, Hi"]
[Result "0-1"]
[WhiteElo "2746"]
[BlackElo "2774"]
[PlyCount "152"]
[EventDate "2011.03.12"]

1. e4 e6 2. d4 d5 3. Nc3 Nf6 4. Bg5 Bb4 5. e5 h6 6. Be3 Ne4 7. Qg4 g6 8. a3
Bxc3+ 9. bxc3 Nxc3 10. Bd3 b6 11. h4 Ba6 12. h5 g5 13. f4 gxf4 14. Bxf4 Kd7 15.
Bd2 Ne4 16. Bxe4 dxe4 17. Qxe4 Kc8 18. Nf3 Bb7 19. Qf4 Rh7 20. O-O-O Qd5 21.
Qg4 Kd7 22. Qg8 Qa2 23. Bc3 Be4 24. Bb2 Qc4 25. Rd2 Na6 26. Qg4 Bd5 27. Rd3 Qc6
28. Nd2 Rf8 29. Rc3 Qb7 30. Re3 b5 31. Ne4 Bxe4 32. Rxe4 c6 33. Bc3 Qc8 34. Rf1
Rg8 35. Qh3 Nc7 36. Ref4 Rgg7 37. Bb4 Nd5 38. R4f2 Qg8 39. Bc5 a5 40. Qd3 a4
41. g4 Qd8 42. c4 Qg5+ 43. Rd2 bxc4 44. Qxc4 Qe3 45. Qa6 Nc7 46. Qxa4 Rxg4 47.
Qc2 Rg2 48. d5 Qxd2+ 49. Qxd2 Rxd2 50. Kxd2 exd5 51. Be3 Ne6 52. Rf6 Rg7 53.
Bxh6 Rg2+ 54. Ke1 Ke7 55. Rf2 Rg1+ 56. Rf1 Rg3 57. Rh1 Rxa3 58. Bc1 Ra1 59. Kf2
Ra2+ 60. Kg3 Kf8 61. h6 Kg8 62. Rf1 Ra7 63. Rd1 Rd7 64. Kg4 c5 65. Kf5 Kh7 66.
Be3 d4 67. Bf2 c4 68. Ke4 c3 69. Kd3 Nc5+ 70. Kc4 c2 71. Rc1 d3 72. Be3 Ne4 73.
Kb3 d2 74. Bxd2 Rxd2 75. Rxc2 Rxc2 76. Kxc2 Kxh6 0-1

[Event "20th Amber Rapid"]
[Site "Monaco MNC"]
[Date "2011.03.15"]
[Round "4"]
[White "Ivanchuk, V."]
[Black "Aronian, L."]
[Result "0-1"]
[WhiteElo "2779"]
[BlackElo "2808"]
[PlyCount "102"]
[EventDate "2011.03.12"]

1. c4 g6 2. g3 c5 3. Bg2 Bg7 4. Nc3 Nc6 5. a3 e6 6. b4 d6 7. Rb1 Nge7 8. Nf3
O-O 9. O-O b6 10. Qc2 Bb7 11. b5 Na5 12. d3 d5 13. Rd1 Nf5 14. Bg5 Nd4 15. Qc1
Nab3 16. Bxd8 Nxc1 17. Rdxc1 Nxf3+ 18. Bxf3 Rfxd8 19. a4 Rab8 20. cxd5 exd5 21.
a5 Rd6 22. Na4 Bc8 23. Kg2 h5 24. h3 Be6 25. Rc2 c4 26. dxc4 Bf5 27. Rbc1 Bxc2
28. Rxc2 dxc4 29. axb6 axb6 30. Rxc4 Rd4 31. Nb2 Rxc4 32. Nxc4 Bf8 33. Bd5 Kg7
34. e4 Bc5 35. f4 Rc8 36. Ne5 f6 37. Nd3 Bf8 38. Bc6 Rd8 39. Bd5 Rd7 40. g4 h4
41. Kf3 g5 42. fxg5 fxg5 43. Ne5 Ra7 44. Nc4 Bc5 45. e5 Ra2 46. Ke4 Rh2 47. Kf5
Rxh3 48. Kxg5 Rd3 49. Bc6 h3 50. e6 h2 51. Nxb6 Rd6 0-1